[Event "III Festival Magistrale"]
[Site "Montecatini Terme ITA"]
[Date "1994.07.??"]
[Round "?"]
[White "Luciani, Valerio"]
[Black "Ioseliani, Nana M."]
[Result "0-1"]
[WhiteElo "2205"]
[BlackElo "2435"]
[PlyCount "79"]
[EventDate "1994.07.30"]

1. Nf3 Nf6 2. g3 d5 3. Bg2 c5 4. O-O Nc6 5. d3 g6 6. Bg5 Bg7 7. c3 h6 8. Bxf6
Bxf6 9. e4 d4 10. c4 O-O 11. h3 Bg7 12. Nh4 e5 13. a3 Be6 14. Nd2 Rb8 15. b3
Qe7 16. Rb1 Kh7 17. Kh2 Rfc8 18. Nhf3 b5 19. Qc2 a5 20. Ng1 Qa7 21. Rfc1 Bf8
22. Qd1 a4 23. cxb5 Rxb5 24. bxa4 Rxb1 25. Nxb1 Ra8 26. Nf3 Qxa4 27. Qxa4 Rxa4
28. Nfd2 Ra7 29. Nc4 h5 30. Rc2 Bh6 31. Nd6 Bf8 32. Nc4 Bxc4 33. Rxc4 Rb7 34.
Nd2 Ra7 35. Nb1 h4 36. Rc2 hxg3+ 37. fxg3 Rb7 38. Nd2 Na5 39. Nf3 f6 40. Nd2
0-1

[Event "III Festival Magistrale"]
[Site "Montecatini Terme ITA"]
[Date "1994.07.??"]
[Round "?"]
[White "Malaniuk, Vladimir P."]
[Black "Belotti, Bruno"]
[Result "1-0"]
[WhiteElo "2610"]
[BlackElo "2455"]
[PlyCount "37"]
[EventDate "1994.07.30"]

1. d4 Nf6 2. Nf3 c5 3. d5 b5 4. c4 b4 5. Nbd2 d6 6. b3 e5 7. dxe6 fxe6 8. Bb2
Nc6 9. e3 a5 10. Qc2 a4 11. Rd1 axb3 12. axb3 Qc7 13. Bd3 Qf7 14. Ng5 Qg8 15.
Nde4 Be7 16. Be2 Qf8 17. Bf3 Ra6 18. Bxf6 Bxf6 19. Nxh7 1-0

[Event "III Festival Magistrale"]
[Site "Montecatini Terme ITA"]
[Date "1994.07.??"]
[Round "?"]
[White "Malaniuk, Vladimir P."]
[Black "Ciolac, Gheorghe"]
[Result "1-0"]
[WhiteElo "2610"]
[BlackElo "2390"]
[PlyCount "93"]
[EventDate "1994.07.30"]

1. d4 Nf6 2. Nf3 e6 3. c4 d5 4. e3 Bb4+ 5. Nbd2 O-O 6. a3 Be7 7. b3 b6 8. Bd3
Bb7 9. Bb2 Nbd7 10. O-O c5 11. Re1 cxd4 12. exd4 Re8 13. Nf1 Bf8 14. Ng3 dxc4
15. bxc4 g6 16. Qe2 Bg7 17. Ne5 Nxe5 18. dxe5 Nd7 19. Be4 Bxe4 20. Nxe4 Qe7 21.
f4 Nc5 22. Nf6+ Bxf6 23. exf6 Qf8 24. h3 Red8 25. Red1 h6 26. Kh2 Rxd1 27. Rxd1
Rd8 28. Be5 Kh7 29. Qf3 Rxd1 30. Qxd1 Qa8 31. Qd4 g5 32. fxg5 hxg5 33. Qg4 Kg6
34. Bf4 Ne4 35. h4 Kxf6 36. Bxg5+ Kg6 37. Bf4+ Kh7 38. Qh5+ Kg7 39. Qh6+ Kg8
40. Be5 f6 41. Qg6+ Kf8 42. Bxf6 Qb8+ 43. g3 Qb7 44. Qh6+ Ke8 45. Qh8+ Kd7 46.
Qh7+ Kc8 47. Qg8+ 1-0

[Event "III Festival Magistrale"]
[Site "Montecatini Terme ITA"]
[Date "1994.07.??"]
[Round "?"]
[White "Malaniuk, Vladimir P."]
[Black "Grigore, George-Gabriel"]
[Result "1/2-1/2"]
[WhiteElo "2610"]
[BlackElo "2440"]
[PlyCount "88"]
[EventDate "1994.07.30"]

1. d4 Nf6 2. Nf3 g6 3. c3 Bg7 4. Bg5 d6 5. Nbd2 Nbd7 6. e4 h6 7. Bh4 g5 8. Bg3
Nh5 9. Nc4 e6 10. Nfd2 Nxg3 11. hxg3 Qe7 12. Ne3 c6 13. a4 d5 14. e5 c5 15. f4
Nb8 16. Nf3 Nc6 17. Bd3 Bd7 18. Qd2 O-O-O 19. O-O f6 20. exf6 Bxf6 21. Ng4 cxd4
22. Nxf6 Qxf6 23. cxd4 gxf4 24. Qxf4 Rdf8 25. Qd6 Qe7 26. Qxe7 Nxe7 27. Bb5 Ng6
28. Rfc1+ Kd8 29. Rc3 a6 30. Bd3 Ne7 31. b4 Rhg8 32. Ne5 Rxg3 33. Nxd7 Kxd7 34.
Bb5+ axb5 35. Rxg3 bxa4 36. Rxa4 Nf5 37. Rd3 Rc8 38. b5 h5 39. Ra7 Rc1+ 40. Kh2
Kc7 41. Ra8 h4 42. Re8 Kd6 43. Rd8+ Kc7 44. Re8 Kd6 1/2-1/2

[Event "III Festival Magistrale"]
[Site "Montecatini Terme ITA"]
[Date "1994.07.??"]
[Round "?"]
[White "Maljutin, Evgeni"]
[Black "Bartolini, Tommaso"]
[Result "1-0"]
[WhiteElo "2495"]
[BlackElo "2090"]
[PlyCount "127"]
[EventDate "1994.07.30"]

1. e4 c5 2. Nf3 Nc6 3. Bb5 d6 4. O-O Bd7 5. Re1 Nf6 6. c3 a6 7. Bf1 Bg4 8. d3
g6 9. h3 Bxf3 10. Qxf3 Bg7 11. Na3 O-O 12. Nc2 Nd7 13. Qd1 Rc8 14. Ne3 b5 15.
Bd2 Nb6 16. g3 e6 17. Rc1 h5 18. Ng2 d5 19. exd5 Nxd5 20. a3 Qd7 21. b4 cxb4
22. axb4 Rfd8 23. Qb3 Ne5 24. Be2 Nb6 25. Bg5 Re8 26. Be3 Qb7 27. Bc5 Nbd7 28.
Bd4 Nf3+ 29. Bxf3 Qxf3 30. Bxg7 Kxg7 31. h4 Nf6 32. Qd1 Qxd1 33. Rexd1 Nd5 34.
c4 bxc4 35. dxc4 Nxb4 36. Ne3 Red8 37. Rxd8 Rxd8 38. Ra1 Rd6 39. Kf1 Kf6 40.
Ra5 Ke7 41. Ke2 Nc6 42. Ra2 a5 43. Rb2 Nd4+ 44. Kd3 Nf5+ 45. Kc3 Nxe3 46. fxe3
Ra6 47. Rb7+ Kf6 48. Kb3 Rc6 49. Rb5 a4+ 50. Kb4 a3 51. Ra5 Rb6+ 52. Kc3 Rb1
53. Rxa3 Rg1 54. c5 Ke5 55. Kc4 Rxg3 56. c6 Kd6 57. Kb5 Rg1 58. Rd3+ Kc7 59.
Rd7+ Kc8 60. Rxf7 Rg4 61. Kc5 Rg1 62. Kd6 Rd1+ 63. Kxe6 Rd8 64. Ke5 1-0

[Event "III Festival Magistrale"]
[Site "Montecatini Terme ITA"]
[Date "1994.07.??"]
[Round "?"]
[White "Maljutin, Evgeni"]
[Black "Dizdarevic, Emir"]
[Result "1/2-1/2"]
[WhiteElo "2495"]
[BlackElo "2495"]
[PlyCount "45"]
[EventDate "1994.07.30"]

1. e4 g6 2. d4 Bg7 3. c4 c5 4. d5 d6 5. Nf3 Nf6 6. Nc3 O-O 7. Be2 e6 8. O-O Re8
9. dxe6 Bxe6 10. Bf4 Nc6 11. Bxd6 Nd4 12. e5 Nd7 13. Re1 Nc6 14. Nd5 Rc8 15.
Qa4 Ndxe5 16. Bxc5 Nxf3+ 17. Bxf3 Ne5 18. Rxe5 Bxe5 19. Qxa7 Qh4 20. g3 Qxc4
21. Ne7+ Rxe7 22. Bxe7 Bxb2 23. Rd1 1/2-1/2

[Event "III Festival Magistrale"]
[Site "Montecatini Terme ITA"]
[Date "1994.07.??"]
[Round "?"]
[White "Maljutin, Evgeni"]
[Black "Foisor, Cristina-Adela"]
[Result "1-0"]
[WhiteElo "2495"]
[BlackElo "2405"]
[PlyCount "83"]
[EventDate "1994.07.30"]

1. e4 e5 2. Nf3 Nc6 3. c3 Nf6 4. d4 exd4 5. e5 Ne4 6. Qe2 Nc5 7. cxd4 Na4 8. d5
Bb4+ 9. Kd1 Nb6 10. dxc6 dxc6+ 11. Bd2 Bf5 12. Kc1 Qe7 13. Bxb4 Qxb4 14. Qd2
Qc5+ 15. Nc3 Rd8 16. Qe3 Qb4 17. Be2 Nd5 18. a3 Qe7 19. Nxd5 Rxd5 20. b4 Bg4
21. Rd1 Rxd1+ 22. Bxd1 O-O 23. Ra2 Re8 24. Rd2 h6 25. Qc5 Qxc5+ 26. bxc5 Bxf3
27. Bxf3 Rxe5 28. Rc2 f5 29. Kd1 g5 30. h3 Kg7 31. Rb2 Rxc5 32. Rxb7 Ra5 33.
Rb3 c5 34. Kd2 Kg6 35. Kc3 h5 36. Kc4 g4 37. Bc6 Kg5 38. a4 f4 39. hxg4 Ra6 40.
Kxc5 hxg4 41. Rb7 g3 42. fxg3 1-0

[Event "III Festival Magistrale"]
[Site "Montecatini Terme ITA"]
[Date "1994.07.??"]
[Round "?"]
[White "Maljutin, Evgeni"]
[Black "Guido, Flavio"]
[Result "1-0"]
[WhiteElo "2495"]
[BlackElo "2320"]
[PlyCount "121"]
[EventDate "1994.07.30"]

1. e4 c5 2. Nf3 e6 3. c4 Nc6 4. Nc3 Nf6 5. Be2 e5 6. d3 d6 7. Nd5 Nxd5 8. cxd5
Nd4 9. Nxd4 cxd4 10. f4 Be7 11. O-O O-O 12. f5 Bd7 13. Rf3 Rc8 14. Qe1 Bh4 15.
g3 Bg5 16. Bxg5 Qxg5 17. h4 Qh6 18. g4 f6 19. Bd1 Rc7 20. Qg3 Qd2 21. Qf2 Qxf2+
22. Kxf2 h6 23. Ke1 a5 24. Kd2 Rfc8 25. a4 Ra8 26. Bb3 b5 27. axb5 Bxb5 28. g5
hxg5 29. hxg5 fxg5 30. Rg3 a4 31. Rxg5 Rac8 32. Bd1 Be8 33. Rg2 Kf8 34. Rf2 Rb8
35. Ke1 Bb5 36. Rc2 Rxc2 37. Bxc2 Ke7 38. Kd2 Be8 39. Kc1 Rb4 40. Kb1 Kf6 41.
Ka2 g6 42. fxg6 Kxg6 43. Rf1 Kg7 44. Rf2 Rb7 45. Ka3 Ra7 46. Bb1 Bb5 47. Rc2
Bd7 48. Rc4 Kf6 49. Bc2 Kg5 50. Rb4 Kf4 51. Rb6 Ke3 52. Rxd6 Kd2 53. Bb1 Bb5
54. Re6 Bxd3 55. Bxd3 Kxd3 56. Rxe5 Ke3 57. Kb4 d3 58. d6 Rb7+ 59. Kc4 d2 60.
Rd5 Rxb2 61. d7 1-0

[Event "III Festival Magistrale"]
[Site "Montecatini Terme ITA"]
[Date "1994.07.??"]
[Round "?"]
[White "Mambrini, Augusto"]
[Black "Baccaro, Franco"]
[WhiteElo "2027"]
[BlackElo "1947"]
[Result "1-0"]
[PlyCount "91"]
[EventDate "1994.07.30"]

1. d4 d5 2. c4 c6 3. Nf3 Nf6 4. Nc3 g6 5. g3 dxc4 6. a4 Nd5 7. Bg2 Bg7 8. O-O
O-O 9. e4 Nb4 10. Be3 N8a6 11. h3 Nc7 12. a5 Ne6 13. Qa4 c5 14. dxc5 Nd3 15.
Qxc4 Nxb2 16. Qb3 Nd3 17. Qa3 Nc7 18. Rad1 Be6 19. Nd5 Nb2 20. Nf6+ Bxf6 21.
Rxd8 Rfxd8 22. Qb4 Rab8 23. Rb1 Na6 24. Qe1 Nd3 25. Qe2 Naxc5 26. Ne1 Nxe1 27.
Bxc5 Nxg2 28. Kxg2 b6 29. axb6 Rxb6 30. Rxb6 axb6 31. Bxb6 Rc8 32. Qb5 Bc4 33.
Qb4 Bd3 34. Be3 e6 35. Bh6 Bg7 36. Bxg7 Kxg7 37. Qd4+ Kg8 38. Qxd3 h5 39. g4
hxg4 40. hxg4 e5 41. Qd5 Rd8 42. g5 Rd6 43. Qc5 Kg7 44. Kf3 Kg8 45. Ke3 Kg7 46.
Kf3 1-0

[Event "III Festival Magistrale"]
[Site "Montecatini Terme ITA"]
[Date "1994.07.??"]
[Round "?"]
[White "Mambrini, Augusto"]
[Black "Beggi, Pierluigi"]
[Result "1-0"]
[WhiteElo "2027"]
[BlackElo "2220"]
[PlyCount "65"]
[EventDate "1994.07.30"]

1. d4 Nf6 2. c4 g6 3. Nc3 d5 4. cxd5 Nxd5 5. Bd2 Bg7 6. e4 Nxc3 7. Bxc3 O-O 8.
Be2 c5 9. d5 e6 10. Nf3 exd5 11. exd5 Bg4 12. O-O Qd6 13. Qd2 Nd7 14. h3 Bxf3
15. Bxf3 Rad8 16. Rad1 b6 17. Rfe1 Rfe8 18. Be2 Bxc3 19. bxc3 Re5 20. Bb5 Nf6
21. Rxe5 Qxe5 22. c4 Ne4 23. Re1 Qc3 24. Qxc3 Nxc3 25. a4 a6 26. Bxa6 Nxa4 27.
Rb1 Kf8 28. Rb3 Ra8 29. Bb5 Ra5 30. Kf1 Ke7 31. Ke1 Kd8 32. Kd2 Kc7 33. Kc1 1-0

[Event "III Festival Magistrale"]
[Site "Montecatini Terme ITA"]
[Date "1994.07.??"]
[Round "?"]
[White "Mambrini, Augusto"]
[Black "Guido, Flavio"]
[Result "1-0"]
[WhiteElo "2027"]
[BlackElo "2320"]
[PlyCount "64"]
[EventDate "1994.07.30"]

1. d4 Nf6 2. c4 c5 3. d5 e6 4. Nc3 exd5 5. cxd5 d6 6. Nf3 g6 7. Nd2 Nbd7 8. e4
Bg7 9. Be2 O-O 10. O-O Re8 11. Qc2 Ne5 12. a4 g5 13. Ra3 Ng6 14. Nc4 Ng4 15.
Bxg4 Bxg4 16. Nb5 Be5 17. Nxe5 Rxe5 18. Rg3 f5 19. f4 gxf4 20. Bxf4 Nxf4 21.
Rxf4 Kh8 22. exf5 Bh5 23. Qc3 Qf6 24. Nxd6 Rf8 25. Ne4 Rxe4 26. Rxe4 Qxc3 27.
Rxc3 Rxf5 28. Rxc5 Bf7 29. Rd4 Kg7 30. Rc7 Kf6 31. d6 Bd5 32. Rc5 Bb3 1-0

[Event "III Festival Magistrale"]
[Site "Montecatini Terme ITA"]
[Date "1994.07.??"]
[Round "?"]
[White "Mambrini, Augusto"]
[Black "Pieri, Filippo"]
[Result "1/2-1/2"]
[WhiteElo "2027"]
[BlackElo "2220"]
[PlyCount "39"]
[EventDate "1994.07.30"]

1. d4 Nf6 2. c4 c5 3. d5 e6 4. Nc3 exd5 5. cxd5 d6 6. Nf3 g6 7. Nd2 Nbd7 8. e4
Bg7 9. Be2 O-O 10. O-O Re8 11. f4 c4 12. Kh1 Nc5 13. e5 dxe5 14. fxe5 Rxe5 15.
Nxc4 Rf5 16. Bf3 b6 17. Ne3 Re5 18. Nc4 Rf5 19. Ne3 Re5 20. Nc4 1/2-1/2

[Event "III Festival Magistrale"]
[Site "Montecatini Terme ITA"]
[Date "1994.07.??"]
[Round "?"]
[White "Mauro, Alan"]
[Black "Capuano, Eugenio"]
[Result "1-0"]
[WhiteElo "2285"]
[BlackElo "2025"]
[PlyCount "49"]
[EventDate "1994.07.30"]

1. e4 c5 2. Nf3 d6 3. d4 cxd4 4. Nxd4 Nf6 5. Nc3 g6 6. Bg5 Bg7 7. Bb5+ Nbd7 8.
Qe2 a6 9. Bxd7+ Bxd7 10. O-O-O O-O 11. f4 Rc8 12. e5 Rxc3 13. bxc3 Nd5 14. Qf3
Qa5 15. Rd3 dxe5 16. fxe5 Bxe5 17. Nb3 Qa3+ 18. Kd1 Nb6 19. Qe4 f6 20. Bc1 Qxa2
21. Rxd7 Nxd7 22. Qd5+ Kg7 23. Qxd7 Bxc3 24. Qxe7+ Rf7 25. Bh6+ 1-0

[Event "III Festival Magistrale"]
[Site "Montecatini Terme ITA"]
[Date "1994.07.??"]
[Round "?"]
[White "Mauro, Alan"]
[Black "Guido, Flavio"]
[Result "1-0"]
[WhiteElo "2285"]
[BlackElo "2320"]
[PlyCount "89"]
[EventDate "1994.07.30"]

1. e4 c5 2. Nf3 e6 3. d4 cxd4 4. Nxd4 Nf6 5. Bd3 d5 6. e5 Nfd7 7. Nxe6 Bb4+ 8.
c3 fxe6 9. Qh5+ Kf8 10. cxb4 Nc6 11. O-O Ncxe5 12. Bc2 Nf7 13. Nc3 Nf6 14. Qh4
Bd7 15. Be3 Rc8 16. Bb3 b6 17. a4 Nd6 18. Qf4 Nf5 19. g4 g5 20. Qe5 Nh6 21.
Qd6+ Qe7 22. Qxe7+ Kxe7 23. h3 Nf7 24. a5 Rb8 25. axb6 axb6 26. Ra6 b5 27. Bc5+
Kd8 28. f4 Ne8 29. f5 Nc7 30. Ra7 Kc8 31. fxe6 Bxe6 32. Ne2 h5 33. Nd4 Nd8 34.
Be7 Rb7 35. Rxb7 Kxb7 36. Rf6 Bc8 37. gxh5 Bxh3 38. h6 Kc8 39. Rf8 Rxf8 40.
Bxf8 Nf7 41. Bg7 Na6 42. Nc6 Kc7 43. Bxd5 Nxh6 44. Bxh6 Bd7 45. Nd4 1-0

[Event "III Festival Magistrale"]
[Site "Montecatini Terme ITA"]
[Date "1994.07.??"]
[Round "?"]
[White "Mauro, Alan"]
[Black "Niermann, Michael"]
[Result "0-1"]
[WhiteElo "2285"]
[BlackElo "2325"]
[PlyCount "107"]
[EventDate "1994.07.30"]

1. e4 c6 2. Nf3 d5 3. Nc3 dxe4 4. Nxe4 Nf6 5. Nxf6+ gxf6 6. Bc4 Bf5 7. O-O Nd7
8. d4 e6 9. c3 Qc7 10. Nh4 Bg6 11. b4 O-O-O 12. Be3 Nb6 13. Qb3 Nxc4 14. Qxc4
Rd5 15. g3 Bd6 16. Qb3 Rh5 17. Ng2 Rg8 18. c4 Be4 19. f4 Rh3 20. c5 Bf8 21.
Rae1 h5 22. a4 h4 23. Bf2 Bd5 24. Qd3 f5 25. b5 Bh6 26. Re5 f6 27. Rxd5 cxd5
28. Qe2 Qf7 29. b6 a6 30. c6 hxg3 31. Bxg3 bxc6 32. Qxa6+ Qb7 33. Qe2 Re8 34.
a5 Bf8 35. Rb1 Rh7 36. a6 Qb8 37. Qa2 Kd7 38. Qa4 Bd6 39. b7 Qa7 40. Rc1 Qb6
41. Ra1 Rhh8 42. Bf2 Reg8 43. Qa5 Qxa5 44. Rxa5 Kc7 45. Bg3 Kb6 46. Ra2 c5 47.
dxc5+ Bxc5+ 48. Kf1 Ka7 49. Ra4 Rd8 50. Ne1 Rd6 51. Nd3 Bb6 52. Ke2 Rc6 53. Nb4
Rc4 54. Kf3 0-1

[Event "III Festival Magistrale"]
[Site "Montecatini Terme ITA"]
[Date "1994.07.??"]
[Round "?"]
[White "Menoni, Vincenzo"]
[Black "Caputi, Nicola"]
[WhiteElo "2083"]
[BlackElo "1913"]
[Result "1-0"]
[PlyCount "67"]
[EventDate "1994.07.30"]

1. e4 c5 2. Nc3 Nc6 3. g3 g6 4. Bg2 Bg7 5. d3 d6 6. Be3 Bd7 7. Qd2 Qa5 8. Nge2
Nd4 9. O-O e6 10. f4 f5 11. Nc1 Qc7 12. Nd1 Ne7 13. c3 Ndc6 14. Nf2 O-O 15. Ne2
b6 16. Rac1 Rad8 17. b4 Bc8 18. b5 Na5 19. c4 d5 20. cxd5 exd5 21. e5 Be6 22.
Qb2 Qb8 23. Qa3 Nb7 24. d4 Na5 25. dxc5 Nc4 26. Rxc4 dxc4 27. cxb6 Nd5 28. bxa7
Qxb5 29. Bc5 Rfe8 30. Nd4 Qd7 31. Rd1 c3 32. Nxe6 Qxe6 33. Bxd5 Rxd5 34. a8=Q
1-0

[Event "III Festival Magistrale"]
[Site "Montecatini Terme ITA"]
[Date "1994.07.??"]
[Round "?"]
[White "Menoni, Vincenzo"]
[Black "De Santis, Alessio"]
[Result "1/2-1/2"]
[WhiteElo "2083"]
[BlackElo "2265"]
[PlyCount "158"]
[EventDate "1994.07.30"]

1. e4 d6 2. d4 Nf6 3. Nc3 c6 4. f4 Qa5 5. Bd3 e5 6. Nf3 Bg4 7. dxe5 dxe5 8. O-O
Nbd7 9. Qe1 Qc7 10. fxe5 Nxe5 11. Nxe5 Qxe5 12. Bf4 Qc5+ 13. Kh1 Nh5 14. Be3
Qe5 15. Qh4 Be6 16. Be2 Nf6 17. Rad1 Be7 18. Bd4 Qc7 19. Qf2 h5 20. Be3 Bd6 21.
Qh4 O-O-O 22. Rxd6 Qxd6 23. Bxa7 Ng4 24. Bg1 f6 25. Na4 g5 26. Qe1 Qd2 27. Qg3
b5 28. Nc5 Qxe2 29. Nxe6 Rh7 30. Re1 h4 31. Qc3 Qc4 32. Qxc4 bxc4 33. Nxd8 Kxd8
34. h3 Ne5 35. Bd4 Rb7 36. a4 c5 37. Bc3 Ke7 38. Rd1 Ke6 39. Rd8 Ra7 40. a5 Nc6
41. Rd5 Nxa5 42. Rxc5 Nb7 43. Rxc4 Nd6 44. Rb4 f5 45. exf5+ Kxf5 46. Kg1 Ra1+
47. Kf2 Rc1 48. Rd4 Ne4+ 49. Kf3 Nxc3 50. bxc3 Rxc2 51. Rc4 Ke5 52. Rc5+ Kf6
53. c4 Rc3+ 54. Kf2 Rc2+ 55. Kg1 Rc1+ 56. Kh2 Rc2 57. Rc7 Ke6 58. c5 Rc3 59. c6
Rc5 60. Rg7 Kf6 61. Rh7 Kg6 62. Rc7 Rc1 63. Rc8 Kf7 64. c7 Kg7 65. g4 hxg3+ 66.
Kxg3 Rc4 67. Kf3 Kh7 68. Ke3 Kg7 69. Kd3 Rc1 70. Ke4 Rc5 71. Kd4 Rc1 72. Ke5
Rc2 73. Kf5 Rc5+ 74. Kg4 Kh7 75. Kf3 Rc4 76. Ke3 Rc1 77. Ke4 Kg7 78. Ke5 Rc2
79. Ke6 Rc1 1/2-1/2

[Event "III Festival Magistrale"]
[Site "Montecatini Terme ITA"]
[Date "1994.07.??"]
[Round "?"]
[White "Menoni, Vincenzo"]
[Black "Mola, Pietro"]
[Result "1-0"]
[WhiteElo "2083"]
[BlackElo "2175"]
[PlyCount "87"]
[EventDate "1994.07.30"]

1. e4 c5 2. Nc3 Nc6 3. g3 g6 4. Bg2 Bg7 5. d3 e6 6. Be3 Nd4 7. Nce2 b6 8. c3
Nxe2 9. Nxe2 Bb7 10. d4 cxd4 11. Nxd4 Ne7 12. Qd2 d5 13. Bh6 O-O 14. Bxg7 Kxg7
15. e5 Nc6 16. Nxc6 Bxc6 17. O-O-O b5 18. Kb1 Qe7 19. Rhe1 Rab8 20. g4 Rfc8 21.
f4 b4 22. f5 bxc3 23. f6+ Kg8 24. Qxc3 Qb4 25. Qxb4 Rxb4 26. h3 Rcb8 27. Rd2
Kf8 28. Rc1 R4b6 29. Rdc2 Rc8 30. a4 a5 31. Rc5 Ke8 32. Rxa5 Kd7 33. Ra7+ Rc7
34. Rxc7+ Kxc7 35. Bf1 Kb7 36. a5 Rb4 37. Rc5 Re4 38. Bd3 Re1+ 39. Kc2 Rxe5 40.
b4 Ba4+ 41. Kd2 Rg5 42. b5 h5 43. a6+ Kb8 44. b6 1-0

[Event "III Festival Magistrale"]
[Site "Montecatini Terme ITA"]
[Date "1994.07.??"]
[Round "?"]
[White "Menoni, Vincenzo"]
[Black "Sulava, Nenad"]
[Result "1/2-1/2"]
[WhiteElo "2083"]
[BlackElo "2410"]
[PlyCount "89"]
[EventDate "1994.07.30"]

1. e4 c5 2. Nc3 e6 3. g3 d5 4. exd5 exd5 5. Bg2 Nf6 6. Nge2 d4 7. Ne4 Nxe4 8.
Bxe4 Nd7 9. O-O Nf6 10. Bg2 Bd6 11. c3 d3 12. Nf4 O-O 13. Nxd3 Bxg3 14. fxg3
Qxd3 15. Qf3 Qc2 16. Qe3 Bf5 17. d4 Bd3 18. Qf2 cxd4 19. Qxc2 Bxc2 20. cxd4 Be4
21. Bh3 Nd5 22. Bd2 Rae8 23. Rac1 h6 24. Rfe1 f5 25. Bf1 Kh7 26. Bc4 Rd8 27.
Bxd5 Rxd5 28. Rc7 Rfd8 29. Bc3 R8d7 30. Rxd7 Rxd7 31. Kf2 Kg6 32. g4 Rf7 33.
gxf5+ Rxf5+ 34. Ke3 Bd5 35. a3 Kh7 36. Re2 Rf3+ 37. Kd2 g5 38. Re5 Bc4 39. Rc5
b5 40. b3 Bxb3 41. Rxb5 Be6 42. Re5 Bg4 43. d5 Rf2+ 44. Kd3 Rxh2 45. Re4
1/2-1/2

[Event "III Festival Magistrale"]
[Site "Montecatini Terme ITA"]
[Date "1994.07.??"]
[Round "?"]
[White "Menoni, Vincenzo"]
[Black "Tocchioni, Doriano"]
[Result "1-0"]
[WhiteElo "2083"]
[BlackElo "2265"]
[PlyCount "67"]
[EventDate "1994.07.30"]

1. e4 c6 2. d4 d5 3. e5 Bf5 4. Nf3 e6 5. Be2 a6 6. O-O Bg6 7. c4 dxc4 8. Bxc4
Nd7 9. Nc3 Ne7 10. Be3 Nb6 11. Bd3 Nf5 12. Ne4 Nd5 13. Qe2 h5 14. Rac1 h4 15.
h3 Bh5 16. Rfd1 Qd7 17. Nc5 Bxc5 18. Rxc5 Qe7 19. Be4 g5 20. Bxd5 exd5 21. Qc2
Nxe3 22. fxe3 g4 23. hxg4 Bxg4 24. Rxc6 h3 25. Rc7 Qd8 26. Rc1 Rh6 27. Qf2 hxg2
28. Ng5 f5 29. exf6 Rxf6 30. Qh4 Bd7 31. Qh5+ Ke7 32. Qh7+ Ke8 33. Qg8+ Ke7 34.
Qg7+ 1-0

[Event "III Festival Magistrale"]
[Site "Montecatini Terme ITA"]
[Date "1994.07.??"]
[Round "?"]
[White "Mola, Pietro"]
[Black "Costantino, Giampaolo"]
[Result "1/2-1/2"]
[WhiteElo "2175"]
[BlackElo "1953"]
[PlyCount "88"]
[EventDate "1994.07.30"]

1. e4 c6 2. c4 d5 3. exd5 cxd5 4. cxd5 Nf6 5. Nc3 Nxd5 6. d4 Nc6 7. Nf3 e6 8.
Bd3 Be7 9. O-O O-O 10. Re1 Bf6 11. Be4 Nce7 12. Qd3 g6 13. Bh6 Re8 14. Qd2 Bd7
15. Bxd5 Nxd5 16. Nxd5 exd5 17. Rxe8+ Qxe8 18. Re1 Be6 19. Qf4 Bh8 20. Bg5 Rc8
21. Bf6 Bxf6 22. Qxf6 Rc6 23. Qf4 Qc8 24. Ng5 Qc7 25. Qd2 Bf5 26. h3 Kg7 27. g4
Be6 28. Qe3 h6 29. Nf3 Rc2 30. Re2 Rxe2 31. Qxe2 g5 32. Qe5+ Qxe5 33. Nxe5 f5
34. f3 fxg4 35. hxg4 Kf6 36. Kf2 b6 37. Ke3 Bc8 38. b4 Ke6 39. Nc6 a6 40. Ne5
Kf6 41. Kd3 Ke6 42. Kc3 Bd7 43. Kb3 Be8 44. Kc3 Bb5 1/2-1/2

[Event "III Festival Magistrale"]
[Site "Montecatini Terme ITA"]
[Date "1994.07.??"]
[Round "?"]
[White "Mola, Pietro"]
[Black "Lau, Ralf"]
[Result "0-1"]
[WhiteElo "2175"]
[BlackElo "2515"]
[PlyCount "110"]
[EventDate "1994.07.30"]

1. e4 c5 2. Nf3 e6 3. c3 d5 4. exd5 Qxd5 5. d4 Nf6 6. Bd3 Be7 7. O-O O-O 8. c4
Qd7 9. dxc5 Rd8 10. Be2 Qc7 11. Qc2 Qxc5 12. Nc3 Nc6 13. Be3 Qa5 14. a3 Qc7 15.
h3 Bd7 16. Nb5 Qb8 17. Rfd1 b6 18. Rd2 a6 19. Nc3 Be8 20. Rad1 Rxd2 21. Rxd2 h6
22. Ne4 Ra7 23. Nxf6+ Bxf6 24. Qe4 Ne7 25. Bf4 Qa8 26. Qxa8 Rxa8 27. Ne5 Nf5
28. g4 Nh4 29. b4 a5 30. b5 g5 31. Bg3 Be7 32. a4 Rc8 33. Bxh4 gxh4 34. Bf3 Rc5
35. Bc6 Rxe5 36. Bxe8 Re1+ 37. Kg2 Kf8 38. Bc6 Ra1 39. Rc2 Rxa4 40. Kf1 Ra1+
41. Ke2 a4 42. Kd3 Rb1 43. Ra2 a3 44. Kc2 Rf1 45. Kb3 Bc5 46. Rc2 Kg7 47. Re2
Kf6 48. Rc2 Kg5 49. Re2 Rxf2 50. Rxf2 Bxf2 51. Kxa3 Kf4 52. Bg2 Kg3 53. Bf1 Be3
54. Kb3 Kf2 55. Be2 Kxe2 0-1

[Event "III Festival Magistrale"]
[Site "Montecatini Terme ITA"]
[Date "1994.07.??"]
[Round "?"]
[White "Nannelli, Paolo"]
[Black "De Santis, Alessio"]
[Result "1/2-1/2"]
[WhiteElo "1992"]
[BlackElo "2265"]
[PlyCount "46"]
[EventDate "1994.07.30"]

1. d4 Nf6 2. c4 g6 3. Nc3 Bg7 4. e4 O-O 5. Be2 d6 6. Nf3 e5 7. d5 c5 8. Bg5 h6
9. Bd2 a6 10. O-O Nbd7 11. a3 Ne8 12. Qc1 Kh7 13. Ne1 Rb8 14. Rb1 b6 15. b4 f5
16. f3 h5 17. Nd3 f4 18. a4 Bf6 19. a5 bxa5 20. bxc5 Rxb1 21. Qxb1 dxc5 22. Na4
Nd6 23. Re1 Nb7 1/2-1/2

[Event "III Festival Magistrale"]
[Site "Montecatini Terme ITA"]
[Date "1994.07.??"]
[Round "?"]
[White "Nannelli, Paolo"]
[Black "Lanzani, Mario"]
[Result "1/2-1/2"]
[WhiteElo "1992"]
[BlackElo "2320"]
[PlyCount "86"]
[EventDate "1994.07.30"]

1. d4 d5 2. c4 c6 3. cxd5 cxd5 4. Nf3 Nc6 5. Nc3 Bf5 6. Bf4 e6 7. e3 Qb6 8. Bb5
Nf6 9. Ne5 Ne4 10. Qa4 Nxc3 11. bxc3 a6 12. c4 Rc8 13. Bxc6+ bxc6 14. O-O f6
15. c5 Qb5 16. Qxb5 axb5 17. Nf3 Ra8 18. a4 Rxa4 19. Rxa4 bxa4 20. Ra1 Bc2 21.
Nd2 g5 22. Bg3 Bg7 23. Ra2 Bd1 24. Ra1 Bb3 25. Nxb3 axb3 26. Rb1 Kf7 27. Rxb3
Ra8 28. h3 e5 29. Rb7+ Kg6 30. Rb6 exd4 31. exd4 Rc8 32. f3 f5 33. Bf2 Rc7 34.
Kf1 g4 35. Ke2 gxh3 36. gxh3 Re7+ 37. Kd3 Re6 38. Bg3 Bh6 39. Be5 f4 40. Rb7
Bg5 41. Rg7+ Kh6 42. Rf7 Kg6 43. Rg7+ Kh6 1/2-1/2

[Event "III Festival Magistrale"]
[Site "Montecatini Terme ITA"]
[Date "1994.07.??"]
[Round "?"]
[White "Nannelli, Paolo"]
[Black "Menoni, Vincenzo"]
[WhiteElo "1992"]
[BlackElo "2083"]
[Result "1-0"]
[PlyCount "89"]
[EventDate "1994.07.30"]

1. d4 Nf6 2. c4 g6 3. Nc3 Bg7 4. e4 d6 5. Nf3 O-O 6. Be2 e5 7. d5 a5 8. Bg5 h6
9. Bh4 Qe8 10. Nd2 Na6 11. O-O Bd7 12. b3 Nh7 13. a3 h5 14. f3 Bh6 15. Kh1 Nc5
16. Rb1 Kg7 17. Nb5 Qb8 18. Qc2 f5 19. b4 axb4 20. axb4 Na4 21. exf5 Bxf5 22.
Bd3 c6 23. dxc6 bxc6 24. Nc3 Nxc3 25. Qxc3 d5 26. cxd5 cxd5 27. Bxf5 gxf5 28.
Nb3 Rc8 29. Nc5 Qd6 30. f4 Re8 31. fxe5 Qxe5 32. Qxe5+ Rxe5 33. Bg3 Re2 34.
Rxf5 Raa2 35. Rxd5 Rxg2 36. b5 Ng5 37. Rxg5+ Bxg5 38. b6 Rgb2 39. Be5+ Bf6 40.
Rxb2 Rxb2 41. Bxb2 Bxb2 42. b7 Be5 43. Nd7 Bd6 44. b8=Q Bxb8 45. Nxb8 1-0

[Event "III Festival Magistrale"]
[Site "Montecatini Terme ITA"]
[Date "1994.07.??"]
[Round "?"]
[White "Nannelli, Paolo"]
[Black "Scotti, Umberto"]
[Result "1-0"]
[WhiteElo "1992"]
[BlackElo "2250"]
[PlyCount "67"]
[EventDate "1994.07.30"]

1. d4 Nf6 2. c4 g6 3. Nc3 Bg7 4. e4 d6 5. Nf3 O-O 6. Be2 e5 7. d5 a5 8. Bg5 Na6
9. Nd2 h6 10. Bh4 Qe8 11. O-O Nh7 12. a3 Bd7 13. b3 h5 14. f3 Bh6 15. Rb1 Nc5
16. Nb5 Qb8 17. Qc2 Be3+ 18. Kh1 f6 19. b4 axb4 20. axb4 Na6 21. Qc3 Bh6 22.
Rfd1 Qe8 23. Ra1 f5 24. Rxa6 Rxa6 25. Nxc7 Qf7 26. Nxa6 bxa6 27. c5 g5 28. Bf2
g4 29. Nc4 fxe4 30. Nxd6 Qg6 31. Nxe4 Bf5 32. Bg3 Bf4 33. Bxf4 exf4 34. d6 1-0